Most Appearances in the Champions League for Players From France - Statistics

General Stats
  • This quiz has been taken 141 times
  • The average score is 17 of 25
Answer Stats
# Apps. Clubs Years Pos. Answer % Correct
1 152 Real Madrid, Olympique Lyon 2005-2023 FW Karim Benzema
97%
2 112 Arsenal, Barcelona, AS Monaco 1997-'98, 1999-'10, 2011-'12 FW Thierry Henry
97%
6 88 Atlético Madrid, Barcelona, Real Sociedad 2013- FW/AM Antoine Griezmann
96%
5 90 Real Madrid, Manchester United 2011- CB Raphaël Varane
96%
7 87 Bayern München 2008-2019 AM Franck Ribéry
93%
19 70 Tottenham Hotspur, Olympique Lyon 2008-'12, 2016-'20, 2022-'23 GK Hugo Lloris
91%
3 108 Manchester United, Juventus, AS Monaco 2003-'05, 2006-'17 LB Patrice Evra
90%
11 80 Real Madrid, Juventus 1996-'99, 2000-'06 AM Zinédine Zidane
90%
4 96 Chelsea, Real Madrid, Nantes 1995-'96, 2000-'08 DM Claude Makélélé
83%
12 76 Arsenal, Inter Milan, Juventus 1998-2010 DM Patrick Vieira
82%
9 82 Arsenal, Olympique Marseille, Villarreal 1999-'06, 2008-'09 AM/LM Robert Pirés
77%
20 69 Juventus, Barcelona, AS Monaco, Parma 1993-'94, 1997-'98, 2001-'08 DF Lilian Thuram
76%
21 68 Chelsea, Real Madrid, Paris Saint-Germain, Fenerbahçe, Arsenal, Juventus 1998-'01, 2005-'06, 2007-'13 FW Nicolas Anelka
71%
14 73 Arsenal, Manchester City 2003-2017 LB Gaël Clichy
68%
24 62 Bayern München 1997-2006 LB Bixente Lizarazu
65%
8 83 Chelsea, Olympique Lyon 2003-2012 LW/LM Florent Malouda
65%
21 68 Paris Saint-Germain, Juventus 2012-2020 CM/DM Blaise Matuidi
59%
24 62 Barcelona, Olympique Lyon, Olympiakos, AS Monaco 2000-'01, 2004-'12, 2014-'15 DF Éric Abidal
59%
14 73 Juventus, Olympique Marseille, Chelsea, Valencia 1989-'90, 1991-'93, 1995-'01 DM Didier Deschamps
57%
18 71 Arsenal, Chelsea, Tottenham Hotspur, Olympique Marseille 1999-'00, 2003-'11 CB/LB William Gallas
57%
23 64 Bayern München, AS Monaco 1997-'98, 2000-'07 RB Willy Sagnol
49%
12 76 Arsenal, Olympique Lyon, Bordeaux 1999-2007 FW/LW Sylvain Wiltord
45%
9 82 Manchester United, Arsenal, Inter Milan, Werder Bremen 1998-2011 CB/LB Mikaël Silvestre
38%
14 73 Olympique Lyon, Panathinaikos 2000-2011 RW Sidney Govou
27%
17 72 Olympique Lyon, Valencia 2002-2012 RB Anthony Réveillère
12%
No matching quizzes found
Score Distribution
Percent of People with Each Score
Percentile by Number Answered
Your Score History
You have not taken this quiz